Education, inequality, and social identity
Saved in:
| Other Authors: | |
|---|---|
| Format: | Book |
| Language: | English |
| Published: |
Washington, D.C. :
Falmer Press,
1993
|
| Subjects: | |
| Tags: |
Add Tag
No Tags, Be the first to tag this record!
|
MARC
| LEADER | 00000nam a2200000 i 4500 | ||
|---|---|---|---|
| 001 | 1/21146 | ||
| 008 | 980505s1993 eng d | ||
| 020 | |a 0-7507-0172-2 | ||
| 035 | |l 10036221 | ||
| 035 | |a 1995 |b 3 |c Βιτσιλάκη | ||
| 040 | |a GR-MY-UA |b gre |e aacr | ||
| 041 | 0 | |a eng | |
| 082 | 0 | |a 370.19340994 |2 (20) | |
| 245 | 1 | 0 | |a Education, inequality, and social identity / |c edited by Lawrence Angus |
| 246 | 3 | 3 | |a Education, ineqaulity & social identity |
| 260 | |a Washington, D.C. : |b Falmer Press, |c 1993 | ||
| 300 | |a vii, 204 p.; |c 24 cm | ||
| 500 | |a Spine title: Education, inequality & social identity | ||
| 504 | |a Περιέχει βιβλιογραφικές παραπομπές και ευρετήριο | ||
| 650 | 0 | 0 | |a Educational equalization |z Australia. |
| 650 | 0 | 0 | |a Sexism in education |z Australia. |
| 650 | 0 | 0 | |a Education |x Social aspects |z Australia. |
| 700 | 1 | |a Angus, Lawrence B. |4 edt | |
| 852 | |a INST |b RHODES |e 19980505 |h 370.19340994 EDU |p 005400011655 |q 005400011655 |t BK |y 0 | ||
| 909 | |a Ρ |b 043410 |c 1995 | ||